00265nam a2200109Ia 4500008004100000082001000041100002000051245002300071260001500094630002300109730002300132100328s9999 xx 000 0 und d b35238 aYusuf Meherally aA Trip to Pakistan bPadma Pub. aA Trip to Pakistan aA Trip to Pakistan